[Event "AUS-ch reserves"]
[Site "Melbourne"]
[Date "2001.12.29"]
[Round "2"]
[White "Marshall, Aaron"]
[Black "Matelan, Anton"]
[Result "1/2-1/2"]
[WhiteElo "1432"]
[BlackElo "1658"]
[PlyCount "100"]
[EventDate "2001.12.28"]
[EventType "swiss"]
[EventRounds "11"]
[EventCountry "AUS"]
[SourceTitle "EXT 2003"]
[Source "ChessBase"]
[SourceDate "2002.11.25"]
[SourceVersion "1"]
[SourceVersionDate "2002.11.25"]
[SourceQuality "1"]

1. e4 e5 2. Nf3 Nc6 3. Bb5 d6 4. d4 exd4 5. Nxd4 Bd7 6. 0-0 a6 7. Nxc6 bxc6 8. Ba4 Nf6 9. Re1 Be7 10. Nc3 0-0 11. Bg5 h6 12. Bh4 Nh7 13. Bg3 Bf6 14. e5 dxe5 15. Bxe5 Re8 16. Bxf6 Nxf6 17. Qf3 Qc8 18. h3 Qb7 19. Bb3 Rad8 20. Rad1 Rxe1+ 21. Rxe1 Re8 22. Rxe8+ Bxe8 23. Qd3 c5 24. Qc4 Qb6 25. Na4 Qd6 26. Nxc5 Qd1+ 27. Qf1 Qd4 28. Nd3 Ne4 29. Qe1 Kf8 30. Qb4+ Qxb4 31. Nxb4 a5 32. Nd3 Ke7 33. Bd5 Nd6 34. b3 Kf8 35. a4 Nf5 36. Be4 Nd4 37. Nc5 f5 38. Bd3 g6 39. Nb7 Nc6 40. Bb5 Nd4 41. Bxe8 Kxe8 42. Nxa5 Nxc2 43. Kf1 Kd7 44. Ke2 Kd6 45. Kd2 Nd4 46. Nc4+ Kc6 47. Kc3 Ne2+ 48. Kd2 Nd4 49. Kc3 Ne2+ 50. Kd2 Nd4 1/2-1/2

[Event "AUS-ch reserves"]
[Site "Melbourne"]
[Date "2001.12.??"]
[Round "1"]
[White "Belletty, Malcolm"]
[Black "Marshall, Aaron"]
[Result "1-0"]
[WhiteElo "1750"]
[BlackElo "1432"]
[PlyCount "59"]
[EventDate "2001.12.28"]
[EventType "swiss"]
[EventRounds "11"]
[EventCountry "AUS"]
[SourceTitle "EXT 2003"]
[Source "ChessBase"]
[SourceDate "2002.11.25"]
[SourceVersion "1"]
[SourceVersionDate "2002.11.25"]
[SourceQuality "1"]

1. e4 c5 2. Nf3 d6 3. d4 cxd4 4. Nxd4 Nf6 5. Nc3 a6 6. Bg5 e6 7. Qd2 b5 8. Bd3 Bb7 9. 0-0 Be7 10. f4 Nbd7 11. Kh1 0-0 12. Qe2 Qc7 13. Rad1 Rad8 14. Qf3 Nc5 15. Qh3 Nxd3 16. cxd3 Rd7 17. Nce2 Rfd8 18. f5 e5 19. Ne6 fxe6 20. fxe6 Ba8 21. exd7 Rxd7 22. Qe6+ Kf8 23. Rc1 Qb7 24. Nc3 Qa7 25. Nd5 Bxd5 26. exd5 Rd8 27. Rc6 Qd4 28. Rc7 Re8 29. Rxf6+ gxf6 30. Bh6# 1-0